Thalaimaithuwa Rahasyangal (Record no. 1541)

MARC details
000 -LEADER
fixed length control field 004630000a22001690004500
003 - CONTROL NUMBER IDENTIFIER
control field LK-CoMWRAF
008 - FIXED-LENGTH DATA ELEMENTS--GENERAL INFORMATION
fixed length control field 230817t ||||| |||| 00| 0 eng d
040 ## - CATALOGING SOURCE
Original cataloging agency LK-CoMWRAF
Modifying agency LK-CoMWRAF
Description conventions LK-CoMWRAF
041 ## - LANGUAGE CODE
Language code of text/sound track or separate title English
082 ## - DEWEY DECIMAL CLASSIFICATION NUMBER
Classification number 910
Item number MAJ
942 ## - ADDED ENTRY ELEMENTS (KOHA)
Koha item type Books
100 ## - MAIN ENTRY--PERSONAL NAME
Personal name Majeed, Alhaj Abdul
700 ## - ADDED ENTRY--PERSONAL NAME
Personal name Jameel,, Alhaj S.H.M.
Relator Term editor
245 ## - TITLE STATEMENT
Title Thalaimaithuwa Rahasyangal
Remainder of title
260 ## - PUBLICATION, DISTRIBUTION, ETC. (IMPRINT)
Name of publisher, distributor, etc. Puthiya Velichchankal Pub:
Place of publication, distribution, etc. Sri Lanka (Colombo 02)
Date of publication, distribution, etc. 1998
300 ## - PHYSICAL DESCRIPTION
Extent p.275
Holdings
Withdrawn status Lost status Damaged status Not for loan Permanent Location Current Location Date acquired Full call number Barcode Koha item type
        Resource center, Muslim Women's Research And Action Forum Resource center, Muslim Women's Research And Action Forum 2023-08-17 910 MAJ 0002981 Books

Copyright © 2023 Muslim Women's Research and Action Forum (MWRAF), No 27/3, Anderson Road, Kalubowila, Dehiwela. Funded by The Asia Fundation